00578nam a2200205 i 4500001000300000100001800003245008800021250001400109260004300123300002600166504002200192650002100214655001800235700002600253020001500279040000800294041001100302080001800313008004100331bg1 aFIDYK, Marta.10aNowe repetytorium z języka rosyjskiego /cMarta Fidyk, Teresa Sku~'p-Stundis [!]. a[Wyd. 6]. aWarszawa :bWydaw. Szkolne PWN,c1998. a310, [2] s. ;c24 cm. aBibliogr. s. 300. 9aJęzyk rosyjski aPodręczniki1 aSKUP-STUNDIS, Teresa. a8371950330 cBPK0 arugpl a811.161.1(07) s pl f |000 0 pol